[Event "ACT-ch op"]
[Site "Kambah"]
[Date "2000.09.19"]
[Round "8"]
[White "Kolossovski, Kazimir"]
[Black "Reeves, Tristan"]
[Result "1-0"]
[WhiteElo "1975"]
[BlackElo "2090"]
[PlyCount "83"]
[EventDate "2000.08.01"]
[EventType "swiss"]
[EventRounds "9"]
[EventCountry "AUS"]
[SourceTitle "EXT 2006"]
[Source "ChessBase"]
[SourceDate "2005.11.24"]
[SourceVersion "1"]
[SourceVersionDate "2005.11.24"]
[SourceQuality "1"]

1. e4 c5 2. Nf3 e6 3. d4 cxd4 4. Nxd4 Nc6 5. c4 Nf6 6. Nxc6 bxc6 7. Nc3 Bb4 8. Bd3 Bxc3+ 9. bxc3 Qa5 10. Qb3 0-0 11. Qb4 Qe5 12. f4 Qc7 13. Ba3 Ba6 14. e5 Nh5 15. 0-0 c5 16. Qxc5 Qxc5+ 17. Bxc5 Rfc8 18. Bd4 g6 19. g4 Ng7 20. Rfb1 Bxc4 21. Bxc4 Rxc4 22. Rb7 h5 23. h3 hxg4 24. hxg4 g5 25. fxg5 d6 26. exd6 e5 27. Bxe5 Rxg4+ 28. Kf2 Rxg5 29. Bxg7 Kxg7 30. Rg1 Rxg1 31. Kxg1 Kf6 32. c4 Ke6 33. c5 Rg8+ 34. Kf2 Rg5 35. d7 Ke7 36. c6 Rc5 37. Rc7 Rc2+ 38. Ke3 Rc1 39. Rc8 Re1+ 40. Kd4 Rd1+ 41. Kc5 f5 42. Re8+ 1-0

[Event "ACT-ch op"]
[Site "Kambah"]
[Date "2000.08.29"]
[Round "5"]
[White "Wright, Ian"]
[Black "Kolossovski, Kazimir"]
[Result "0-1"]
[WhiteElo "1997"]
[BlackElo "1975"]
[PlyCount "68"]
[EventDate "2000.08.01"]
[EventType "swiss"]
[EventRounds "9"]
[EventCountry "AUS"]
[SourceTitle "EXT 2006"]
[Source "ChessBase"]
[SourceDate "2005.11.24"]
[SourceVersion "1"]
[SourceVersionDate "2005.11.24"]
[SourceQuality "1"]

1. d4 Nf6 2. c4 g6 3. Nc3 Bg7 4. e4 d6 5. Nf3 0-0 6. Be2 e5 7. 0-0 Nc6 8. d5 Ne7 9. b4 a5 10. Ba3 Nd7 11. Qc2 axb4 12. Bxb4 f5 13. Ng5 Nc5 14. Bxc5 dxc5 15. Ne6 Bxe6 16. dxe6 Ra6 17. Rfd1 Qc8 18. Rd7 Rxe6 19. Rad1 Nc6 20. Nd5 Nd4 21. Rxd4 exd4 22. Rxc7 Qe8 23. Rxc5 Rxe4 24. Kf1 Qe5 25. g3 f4 26. f3 fxg3 27. hxg3 d3 28. Qxd3 Rd4 29. Qb3 Re8 30. Qc2 Qxg3 31. Rc7 Rh4 32. Rxg7+ Kxg7 33. Qb2+ Qe5 34. Qb1 Kh6 0-1

[Event "ACT-ch op"]
[Site "Kambah"]
[Date "2000.08.22"]
[Round "4"]
[White "Kolossovski, Kazimir"]
[Black "Bliznyuk, Andrey"]
[Result "1/2-1/2"]
[WhiteElo "1975"]
[BlackElo "2070"]
[PlyCount "84"]
[EventDate "2000.08.01"]
[EventType "swiss"]
[EventRounds "9"]
[EventCountry "AUS"]
[SourceTitle "EXT 2006"]
[Source "ChessBase"]
[SourceDate "2005.11.24"]
[SourceVersion "1"]
[SourceVersionDate "2005.11.24"]
[SourceQuality "1"]

1. e4 c5 2. Nf3 d6 3. d4 cxd4 4. Nxd4 Nf6 5. Nc3 Nc6 6. Be2 e5 7. Nf3 h6 8. Bc4 Be7 9. 0-0 0-0 10. Be3 a6 11. a4 Be6 12. Bxe6 fxe6 13. Qe2 Na5 14. Rad1 Qc7 15. Rd3 d5 16. Bc1 d4 17. Nb1 Rac8 18. c3 Nb3 19. Nfd2 Nc5 20. Rg3 Nxa4 21. Nb3 Kh8 22. cxd4 Qc4 23. Qxc4 Rxc4 24. N1d2 Rb4 25. dxe5 Nxe4 26. Re3 Nec5 27. Nxc5 Bxc5 28. Rb3 Rff4 29. Rxb4 Rxb4 30. b3 Nc3 31. Ba3 Ne2+ 32. Kh1 Rb5 33. Bxc5 Rxc5 34. f4 Rd5 35. Ne4 Rd4 36. Nc5 Nxf4 37. Nxb7 Nd3 38. h3 Nxe5 39. Rf8+ Kh7 40. Re8 Rb4 41. Nc5 Rb6 42. Rxe6 Rxe6 1/2-1/2

[Event "ACT-ch op"]
[Site "Kambah"]
[Date "2000.08.15"]
[Round "3"]
[White "Kolossovski, Kazimir"]
[Black "Grcic, Milan"]
[Result "1-0"]
[WhiteElo "1975"]
[BlackElo "1858"]
[PlyCount "119"]
[EventDate "2000.08.01"]
[EventType "swiss"]
[EventRounds "9"]
[EventCountry "AUS"]
[SourceTitle "EXT 2006"]
[Source "ChessBase"]
[SourceDate "2005.11.24"]
[SourceVersion "1"]
[SourceVersionDate "2005.11.24"]
[SourceQuality "1"]

1. e4 d5 2. exd5 Qxd5 3. Nc3 Qa5 4. Bc4 Nf6 5. d4 Nc6 6. d5 Ne5 7. Bb3 g6 8. Bf4 Ned7 9. Qe2 a6 10. Qc4 Nc5 11. Be5 Bg7 12. Nge2 0-0 13. 0-0 c6 14. Bd4 Nxb3 15. axb3 Qc7 16. dxc6 Be6 17. Qc5 bxc6 18. Qe5 Qxe5 19. Bxe5 c5 20. Na4 c4 21. Nb6 Rad8 22. bxc4 Rd2 23. Nd4 Bg4 24. f3 Bc8 25. Rfd1 Rxd1+ 26. Rxd1 Bb7 27. Nb3 Bh6 28. Kf2 Nh5 29. Nc5 Bc6 30. Nxa6 Nf4 31. b4 Ne6 32. Nd5 Re8 33. b5 Bb7 34. Nac7 Nxc7 35. Nxc7 Rc8 36. c5 f6 37. Bg3 e5 38. Ne6 Re8 39. Rd8 Kf7 40. Rxe8 Kxe8 41. c6 Bc8 42. Nc5 Bf8 43. Ne4 Bf5 44. Nxf6+ Kf7 45. Nd7 Bxd7 46. cxd7 Bc5+ 47. Ke2 Ke7 48. Bxe5 Kxd7 49. Kd3 Ke6 50. Bd4 Bd6 51. h3 h5 52. c4 Bb8 53. Ke4 Bc7 54. c5 Bb8 55. b6 Bg3 56. f4 Kd7 57. Kd5 Bxf4 58. c6+ Kd8 59. Be5 Be3 60. b7 1-0

[Event "ACT-ch"]
[Site "Canberra"]
[Date "1999.10.06"]
[Round "7"]
[White "Arsanis, Isaac"]
[Black "Kolossovski, Kazimir"]
[Result "1-0"]
[WhiteElo "1650"]
[BlackElo "1808"]
[PlyCount "69"]
[EventDate "1999.08.??"]
[EventType "tourn"]
[EventRounds "9"]
[EventCountry "AUS"]
[SourceTitle "EXT 2001"]
[Source "ChessBase"]
[SourceDate "2000.11.22"]
[SourceVersion "1"]
[SourceVersionDate "2000.11.22"]
[SourceQuality "1"]

1. d4 Nf6 2. c4 g6 3. Nc3 Bg7 4. e4 d6 5. f4 Na6 6. Nf3 c5 7. d5 0-0 8. Ng5 h6 9. Nf3 Nc7 10. Bd3 a6 11. a4 Rb8 12. e5 Nfe8 13. e6 f5 14. Nh4 Rf6 15. g4 fxg4 16. Qxg4 Nxe6 17. dxe6 Rxe6+ 18. Ne2 Rf6 19. f5 g5 20. Ng2 e6 21. Ne3 b5 22. axb5 axb5 23. h4 gxh4 24. Qxh4 bxc4 25. Bc2 Bb7 26. Rg1 Rg6 27. Qxc4 d5 28. Qf4 e5 29. Qf2 Rxg1+ 30. Qxg1 Qh4+ 31. Kd1 Nd6 32. Ng4 h5 33. Nh6+ Kh8 34. Bg5 Qh3 35. Ra3 1-0

[Event "ACT-ch"]
[Site "Canberra"]
[Date "1999.09.01"]
[Round "2"]
[White "Kolossovski, Kazimir"]
[Black "Grcic, Milan"]
[Result "1-0"]
[WhiteElo "1808"]
[BlackElo "1701"]
[PlyCount "63"]
[EventDate "1999.08.??"]
[EventType "tourn"]
[EventRounds "9"]
[EventCountry "AUS"]
[SourceTitle "EXT 2001"]
[Source "ChessBase"]
[SourceDate "2000.11.22"]
[SourceVersion "1"]
[SourceVersionDate "2000.11.22"]
[SourceQuality "1"]

1. d4 d5 2. c4 e5 3. dxe5 d4 4. Nf3 Nc6 5. a3 f6 6. exf6 Qxf6 7. Bg5 Qg6 8. Nbd2 Bg4 9. Qb3 Rb8 10. e3 h6 11. Bf4 Qf7 12. Be2 Nf6 13. exd4 g5 14. Qe3+ Be7 15. Bxc7 Rc8 16. Ne5 Nxe5 17. Bxe5 0-0 18. 0-0 Bf5 19. Qf3 Bg4 20. Qe3 Bf5 21. c5 Nd5 22. Qb3 Be6 23. Bc4 b6 24. cxb6 axb6 25. Rac1 Rcd8 26. Ne4 Qf5 27. Nc3 Qf7 28. Nxd5 Rxd5 29. Bxd5 Bxd5 30. Qxb6 Bxg2 31. Qxh6 Qf5 32. Qg7# 1-0